000 00514nam a2200181Ia 4500
005 20250508163113.0
008 008 250505s9999 xx 000 0 eng d
037 _aBooks to be hide in OPAC
040 _aFEDL
_beng
_cFEDL
041 _aeng
_2eng
084 _a821, WOR/O
_qFEDL
100 _aDoren Mark Van
245 0 _aWilliam Wordsworth: Selected poetry
260 _aNew York, USA
_bThe Modern Library
_c1950
300 _axxiv,712p.
942 _cHB
_h821, WOR/O
999 _c1380852
_d1380852